Statistics for Youngest Countries

Click here to take the quiz!

General Stats

  • This quiz has been taken 19 times
  • The average score is 15 of 25

Answer Stats

Date RecognizedAnswer% Correct
14 July 2011South Sudan
100%
22 May 1992Bosnia and Herzegovina
89%
22 May 1992Croatia
89%
28 June 2006Montenegro
89%
8 April 1993North Macedonia
89%
1 November 2000Serbia
89%
19 January 1993Czechia
78%
19 January 1993Slovakia
78%
22 May 1992Slovenia
72%
28 May 1993Eritrea
56%
31 July 1992Georgia
56%
2 March 1992Moldova
56%
15 December 1994Palau
56%
2 March 1992Tajikistan
56%
2 March 1992Turkmenistan
56%
27 September 2002Timor-Leste
50%
14 September 1999Tonga
50%
2 March 1992Uzbekistan
50%
14 September 1999Nauru
44%
5 September 2000Tuvalu
44%
14 September 1999Kiribati
39%
28 July 1993Andorra
33%
2 March 1992San Marino
33%
28 May 1993Monaco
28%
10 September 2002Switzerland
28%

Score Distribution

Percentile by Number Answered

Percent of People with Each Score

Your Score History

You have not taken this quiz